| 000 | 00454nam a22001457a 4500 | ||
|---|---|---|---|
| 003 | macl | ||
| 005 | 20180408142858.0 | ||
| 008 | 180408b xxu||||| |||| 00| 0 eng d | ||
| 040 | _cmacl | ||
| 100 |
_aअमर गोस्वामी _919747 |
||
| 245 | _aउदास राघोदास | ||
| 260 |
_aइलाहाबाद _bब्लू बेल पब्लि. _c2012 |
||
| 650 |
_aकहानियां _933092 |
||
| 942 |
_2ddc _cHIN |
||
| 999 |
_c57600 _d57600 |
||